Music Quiz

Random Music or Rock Quiz
Score 0/40 Timer 09:00
0 Plays Today
% Correct
People
70.2%
I
66%
No
61.7%
Uno
61.7%
Who
57.4%
Please
55.3%
Born
51.1%
Mama's
48.9%
Got
44.7%
All
36.2%
Oh
34%
Summer
34%
Do
29.8%
41
29.8%
Ev'rywhere
27.7%
You
27.7%
Well
23.4%
If
21.3%
She
21.3%
Spanish
19.1%
% Correct
I'm
19.1%
Love
17%
Hey
17%
My
17%
Rangers
14.9%
Johnny
14.9%
Welcome
14.9%
Dear
14.9%
I've
14.9%
Here
14.9%
This
14.9%
Grab
12.8%
In
12.8%
Ice
10.6%
The
10.6%
And
10.6%
It
10.6%
Monday
6.4%
There's
6.4%
Sit
4.3%
Remove Ads.
Support Sporcle.
Get the best of Sporcle when you Go Orange. This ad-free experience offers more features, more stats, and more fun while also helping to support Sporcle. Thank you for becoming a member.

You're not logged in!

Compare scores with friends on all Sporcle quizzes.
OR
Log In

Show Comments

Extras

Top Quizzes Today


Score Distribution

Your Account Isn't Verified!

In order to create a playlist on Sporcle, you need to verify the email address you used during registration. Go to your Sporcle Settings to finish the process.

Report this User

Report this user for behavior that violates our Community Guidelines.

Details: